| 000 | 00395nam a2200169Ia 4500 | ||
|---|---|---|---|
| 008 | 230524s9999 xx 000 0 und d | ||
| 020 | _a0074634828 | ||
| 082 |
_a4.5 _bTAX |
||
| 100 |
_aR.K.Taxali _913988 |
||
| 245 | 0 | _aPC Software for Windows | |
| 250 | _a3RD | ||
| 260 |
_aNEW DELHI _bTMH _c1998 |
||
| 300 | _aXXII;678 | ||
| 500 | _aQuantity Number: 1 | ||
| 650 | _aComp-Sc | ||
| 942 | _cBK | ||
| 999 |
_c19762 _d19762 |
||